Human Communication: Motivation, Knowledge, and Skills (Record no. 62388)

000 -LEADER
fixed length control field 00649nam a22001817a 4500
003 - CONTROL NUMBER IDENTIFIER
control field NUST-PNEC
005 - DATE AND TIME OF LATEST TRANSACTION
control field 20170116180746.0
008 - FIXED-LENGTH DATA ELEMENTS--GENERAL INFORMATION
fixed length control field 150210b xxu||||| |||| 00| 0 eng d
020 ## - INTERNATIONAL STANDARD BOOK NUMBER
International Standard Book Number 0534566197
040 ## - CATALOGING SOURCE
Transcribing agency PNEC
082 ## - DEWEY DECIMAL CLASSIFICATION NUMBER
Classification number 302.2 MOR
100 ## - MAIN ENTRY--PERSONAL NAME
9 (RLIN) 1331
Personal name Sherwyn P. Morreale
Titles and words associated with a name Human Communication: Motivation, Knowledge, and Skills
245 ## - TITLE STATEMENT
Title Human Communication: Motivation, Knowledge, and Skills
Statement of responsibility, etc. Sherwyn P. Morreale
300 ## - PHYSICAL DESCRIPTION
Extent 541
600 ## - SUBJECT ADDED ENTRY--PERSONAL NAME
General subdivision MIS
856 ## - ELECTRONIC LOCATION AND ACCESS
Uniform Resource Identifier <a href="http://www.amazon.com/Human-Communication-Motivation-Knowledge-InfoTrac/dp/0534566197/ref=sr_1_1?ie=UTF8&qid=1423559828&sr=8-1&keywords=0534566197">http://www.amazon.com/Human-Communication-Motivation-Knowledge-InfoTrac/dp/0534566197/ref=sr_1_1?ie=UTF8&qid=1423559828&sr=8-1&keywords=0534566197</a>
942 ## - ADDED ENTRY ELEMENTS (KOHA)
Source of classification or shelving scheme
Koha item type Book
Holdings
Withdrawn status Lost status Source of classification or shelving scheme Damaged status Not for loan Permanent Location Current Location Date acquired Source of acquisition Cost, normal purchase price Total Checkouts Full call number Barcode Date last seen Cost, replacement price Price effective from Koha item type
          Pakistan Navy Engineering College (PNEC) Pakistan Navy Engineering College (PNEC) 03/26/2005 M/S Abrar Sans 4.00   302.2 MOR PNECLIB-026980 02/10/2015 4.00 03/26/2005 Book
© 2023 Central Library, National University of Sciences and Technology. All Rights Reserved.